| 000 | 00971nmb a2200265uu 4500 | ||
|---|---|---|---|
| 001 | 13332 | ||
| 003 | HDC | ||
| 007 | cr aa aaaau | ||
| 008 | 210212p2008 my ||||| |||| 00| 0 eng d | ||
| 022 | _a1511-2780 | ||
| 040 | _aHDC | ||
| 100 |
_aAhmad Parveez Ghulam Kadir _eauthor _914132 |
||
| 245 | 0 |
_aFactors affecting green fluorescence protein (GFP) gene expression in oil palm after microprojectile bombardment / by _cAhmad Parveez Ghulam Kadir |
|
| 260 |
_aKuala Lumpur : _bMalaysian Palm Oil Board, _c2008 |
||
| 300 | _a1 online resource (13 pages) | ||
| 336 |
_atext _2rdacontent |
||
| 337 |
_acomputer _2rdamedia |
||
| 338 |
_aonline resource _2rdacarrier |
||
| 650 |
_agreen fluorescence _914133 |
||
| 650 |
_aoil palm _9214 |
||
| 856 | _zRequest full-text at [email protected] | ||
| 942 | _2lcc | ||
| 942 | _cAR | ||
| 942 | _kJART 003301 | ||
| 999 |
_c10648 _d10648 |
||